Qwlfly912's Spotify Playlist #1 - Statistics

General Stats
  • This quiz has been taken 5 times
  • The average score is 35 of 89
Answer Stats
Artist Song Name % Correct
Surf Curse Freaks
75%
Cigarettes After Sex K.
75%
The Cranberries Linger
75%
Noah Kahan Stick Season
75%
The Cranberries Zombie
75%
Green Day 21 Guns
50%
Hippo Campus Anxious
50%
Young the Giant Art Exhibit
50%
Hippo Campus Bambi
50%
Hippo Campus baseball
50%
Sweet Pill Blood
50%
Young the Giant Brother's Keeper
50%
Hippo Campus Buttercup
50%
Young the Giant Call Me Back
50%
Hippo Campus Closer
50%
Hippo Campus Corduroy
50%
Young the Giant Cough Syrup
50%
Cigarettes After Sex Cry
50%
Surf Curse Disco
50%
bôa Duvet
50%
Hippo Campus Everything At Once
50%
Hippo Campus Fences
50%
Young the Giant Firelight
50%
Hippo Campus Flood
50%
Hippo Campus Golden
50%
Noah Kahan Hurt Somebody
50%
Duster Inside Out
50%
The Backseat Lovers Kilby Girl
50%
Hippo Campus Madman
50%
Raffaella + feature Maps
50%
Young the Giant Mind Over Matter
50%
Young the Giant Mirrorball
50%
Hippo Campus Monsoon
50%
Quivers More Lost
50%
Slow Pulp MUD
50%
Peach Pit Peach Pit
50%
Noah Kahan Please
50%
Wallows Pleaser
50%
Noah Kahan + feature Pride
50%
Peach Pit Seventeen
50%
Faye Webster She Won't Go Away
50%
Wolf Alice Silk
50%
Hippo Campus Slipping Away
50%
Noah Kahan + feature Someone Like You
50%
Hippo Campus South
50%
Muse Starlight
50%
The Cranberries Sunday
50%
Hippo Campus Sun Veins
50%
Cigarettes After Sex Sweet
50%
Hippo Campus Tooth Fairy
50%
Hippo Campus traveler
50%
Hippo Campus Understand
50%
Hippo Campus warm glow
50%
Hippo Campus Way It Goes
50%
Pixies Where Is My Mind?
50%
Noah Kahan Young Blood
50%
Peach Pit Alrighty Aphrodite
25%
Noah Kahan Animal
25%
Wallows Calling After Me
25%
Noah Kahan Caves
25%
Wolf Alice Don't Delete The Kisses
25%
The Cranberries Dreams
25%
Adrianne Lenker forwards beckon rebound
25%
The Wombats Greek Tragedy
25%
Noah Kahan Growing Sideways
25%
Hippo Campus I Got Time
25%
Wishy Love on the Outside
25%
Noah Kahan Mess
25%
Noah Kahan New Perspective
25%
Noah Kahan Part of Me
25%
Hippo Campus Prayer Man
25%
Young the Giant Silvertongue
25%
Black Belt Eagle Scout Soft Stud
25%
Rex Orange County Television / So Far So Good
25%
The Strokes The Adults Are Talking
25%
The Blasting Company + feature The Fight Is Over
25%
Hippo Campus Vines
25%
Oasis Wonderwall
25%
Noah Kahan Bad Luck
0%
Hippo Campus Brand New
0%
Noah Kahan Bury Me
0%
Chelsea Cutler + feature Crazier Things
0%
Noah Kahan False Confidence
0%
Hippo Campus Forget It
0%
The Backseat Lovers Maple Syrup
0%
Lightning Bug On Paradise
0%
Hippo Campus Paranoid
0%
Wishy Persuasion
0%
Wishy Triple Seven
0%
No matching quizzes found
Score Distribution
Percent of People with Each Score
Percentile by Number Answered
Your Score History
You have not taken this quiz